00976nam a2200181 a 450000100100000000500170001000800410002704000250006811000760009324501180016926000710028730000270035870000610038595201190044695201040056595201100066999900150077900000304820250217091458.0090706s2008 dr a 000 0 spa d aDO-SdBNPbspacBNPHU aRepública Dominicana.bComisión Nacional de Pastoral Familiar9964010aAsambleas familiares :bfamilia unida. Fuente de vida /cpresentación Nicolás de Jesús López Rodríguez. aSanto Domingo, :bComisión Nacional de Pastoral Familiar,c2008. a24 p. :bil. ;c21 cm.1 a López Rodríguez, Nicolás de Jesús, d1936-9670 001054708DSaGRbGRcCTd2009-07-06iLF1l0o p3048-30r2020-06-25te. 3w2020-06-25yLFDSZPréstamo en sala 0010718PDaPDbPDcCTd2009-07-06iLF1l0o p3048-10r2020-06-25w2020-06-25yLFPDZNo se presta 0010718PDaPDbPDcCTd2009-07-06iLF1l0o p3048-20r2020-06-25te. 2w2020-06-25yLFPDZNo se presta c2879d2879